Aceites esenciales y oleorresinas (Registro nro. 6297)

Detalles MARC
000 -LEADER
fixed length control field 01488 a2200205 4500
001 - CONTROL NUMBER
control field 57788
005 - DATE AND TIME OF LATEST TRANSACTION
control field 20260407155838.0
008 - FIXED-LENGTH DATA ELEMENTS--GENERAL INFORMATION
fixed length control field 260407a1986 arg spa d
003 - CONTROL NUMBER IDENTIFIER
control field AR-UNSa-BCEJYS
040 ## - CATALOGING SOURCE
Original cataloging agency AR-UNSa-BCEJYS
Language of cataloging spa
Transcribing agency AR-UNSa-BCEJYS
080 ## - UNIVERSAL DECIMAL CLASSIFICATION NUMBER
Universal Decimal Classification number 665.5
Common auxiliary subdivision Aceites Esenciales. Perfumería. Cosméticos
041 ## - LANGUAGE CODE
Language code of text/sound track or separate title spa
100 1# - MAIN ENTRY--PERSONAL NAME
Personal name Centro de Comercio Internacional (CCI)
245 10 - TITLE STATEMENT
Title Aceites esenciales y oleorresinas
Name of part/section of a work estudio de distintos productores y de mercados importantes
264 #1 - PRODUCTION, PUBLICATION, DISTRIBUTION, MANUFACTURE, AND COPYRIGHT NOTICE
Place of production, publication, distribution, manufacture Ginegra :
Name of producer, publisher, distributor, manufacturer CCI (Centro de Comercio Internacional)
Date of production, publication, distribution, manufacture, or copyright notice 1986
300 ## - PHYSICAL DESCRIPTION
Extent 222 p.
Dimensions 21 cm.
505 ## - FORMATTED CONTENTS NOTE
Formatted contents note Parte I: Monografías sobre determinados aceites esenciales y oleorresinas de especias: 1. Aceites esenciales – 2. Oleorresinas de especias – Parte II: Examen de algunos países / zonas productores: 1. Brasil – 2. China – 3. Comoras – 4. Egipto – 5. Europa – 6. Guinea – 7. Haití – 8. India – 9. Indonesia – 10. Malawi – 11. México – 12. Marruecos – 13. Pakistán – 14. Paraguay – 15. Perú – 16. Singapur – 17. Sri Lanka – 18. Tailandia – 19. Republica unida de Tanzania – Parte III: Examen de mercados importantes para aceites esenciales y oleorresinas de especias: 1. América del Norte – 2. Europa occidental – 3. Japón – Parte IV: Estructura y procedimientos comerciales: 1. La estructura básica – 2. Envasado – 3. Aspectos institucionales y legislativos
590 ## - LOCAL NOTE (RLIN)
Local note niveau_biblio:m niveau_hierar:0
942 ## - ADDED ENTRY ELEMENTS (KOHA)
Koha item type
Existencias
Withdrawn status Lost status Damaged status Not for loan Home library Current library Shelving location Date acquired Total checkouts Full call number Barcode Date last seen Price effective from Koha item type
        Biblioteca Prof. Eusebio Cleto del Rey Biblioteca Prof. Eusebio Cleto del Rey   07/04/2026   665.5 C397a L128872 07/04/2026 07/04/2026 Libro